El sistema solar / (Record no. 144456)
[ view plain ]
| 000 -LEADER | |
|---|---|
| campo de control de longitud fija | 00738nam a2200241 4500 |
| 001 - NÚMERO DE CONTROL | |
| campo de control | 144456 |
| 003 - IDENTIFICADOR DE NÚMERO DE CONTROL | |
| campo de control | ES-MaACL |
| 005 - FECHA Y HORA DE LA ÚLTIMA TRANSACCIÓN | |
| campo de control | 20250829074216.0 |
| 007 - CAMPO FIJO DE DESCRIPCIÓN FÍSICA--INFORMACIÓN GENERAL | |
| campo de control de longitud fija | t| |
| 008 - DATOS DE LONGITUD FIJA--INFORMACIÓN GENERAL | |
| campo de control de longitud fija | 070214s1977 sp r ||||1| spa d |
| 020 ## - NÚMERO INTERNACIONAL ESTÁNDAR DEL LIBRO | |
| Número Internacional Estándar del Libro | 84-7214-105-5 |
| 245 03 - MENCIÓN DEL TÍTULO | |
| Título | El sistema solar / |
| Mención de responsabilidad, etc. | [traducción del inglés, Alfredo Arche Miralles]. |
| 250 ## - MENCION DE EDICION | |
| Mención de edición | 1ª ed. |
| 260 ## - PUBLICACIÓN, DISTRIBUCIÓN, ETC. | |
| Lugar de publicación, distribución, etc. | Madrid : |
| Nombre del editor, distribuidor, etc. | H. Blume, |
| Fecha de publicación, distribución, etc. | 1977. |
| 300 ## - DESCRIPCIÓN FÍSICA | |
| Extensión | 182 p. : |
| Otras características físicas | il. col. y n. ; |
| Dimensiones | 28 cm. |
| 490 1# - MENCIÓN DE SERIE | |
| Mención de serie | Selecciones de Scientific American |
| 651 #7 - PUNTO DE ACCESO ADICIONAL DE MATERIA--NOMBRE GEOGRÁFICO | |
| Nombre geográfico | Sistema solar |
| Fuente del encabezamiento o término | |
| 9 (RLIN) | 172024 |
| 700 1# - ENTRADA AGREGADA--NOMBRE PERSONAL | |
| Nombre de persona | Arche Miralles, Alfredo. |
| 9 (RLIN) | 22479 |
| 710 2# - ENTRADA AGREGADA--NOMBRE DE ENTIDAD CORPORATIVA | |
| Nombre de entidad corporativa o nombre de jurisdicción como elemento de entrada | Scientific American. |
| 9 (RLIN) | 6515 |
| 830 1# - PUNTO DE ACCESO ADICIONAL DE SERIE-TÍTULO UNIFORME | |
| Título uniforme | Selecciones de Scientific American |
| 9 (RLIN) | 181289 |
| 852 ## - LOCALIZACIÓN | |
| Ubicación | ES-MaACL |
| Número de control de estantería | A-7039 |
| Estatus retirado | Estado de pérdida | Estado de daño | No para préstamo | Biblioteca de origen | Biblioteca actual | Ubicación en estantería | Fecha de adquisición | Fuente de adquisición | Total de préstamos | Signatura topográfica completa | Código de barras | Visto por última vez | Precio de reemplazo | Tipo de ítem Koha |
|---|---|---|---|---|---|---|---|---|---|---|---|---|---|---|
| Biblioteca del Ateneo de Madrid | Biblioteca del Ateneo de Madrid | Sala Pecera Planta 1 | 17/01/2008 | A-7039 | 1150296 | 23/02/2023 | 23/02/2023 | Libro impreso |
